Dance Mom's Solos - Statistics

General Stats
  • This quiz has been taken 206 times
  • The average score is 10 of 15
Answer Stats
Hint Answer % Correct
"Cry" Maddie
87%
"Metamorphosis" Brooke
85%
"Killer Bee" Mackenzie
83%
"Diary of Anne Frank" Brooke
82%
"Laquieffa" Nia
82%
"Dream on a star" Chloe
81%
"Baby Mine" Chloe
76%
"Angel" Maddie
75%
"Golden Girl" Maddie
74%
"Underdog" Nia
62%
"Kiss, Kiss" Kendall
56%
"Tongue Twister"
Paige
55%
"Queen of Hearts" Kendall
42%
"Hollywood in Hollywood" Mackenzie
41%
"City of Angels" Paige
15%
No matching quizzes found
Score Distribution
Percent of People with Each Score
Percentile by Number Answered
Your Score History
You have not taken this quiz